000 00462nam a2200169Ia 4500
001 8300
003 IN-NITTTR
005 20251114233036.0
008 251113s9999||||xx |||||||||||||| ||eng||
040 _beng
040 _cIN-NITTTR
041 _aeng
082 _a658.99 S25B
100 _aSleeper, Harold R.
245 0 _aBuilding planning and design standards for  architects, engineers, designers, consultants... /
_cSleeper, Harold R.
942 _2ddc
_cBK
999 _c10938
_d10938